| 000 | 01016cam a22002774a 4500 | ||
|---|---|---|---|
| 001 | 15843978 | ||
| 003 | OSt | ||
| 005 | 20140310182706.0 | ||
| 008 | 090730s2010 maua b 001 0 eng | ||
| 010 | _a 2009030634 | ||
| 020 | _a9780073385167 (alk. paper) | ||
| 020 | _a0073385166 (alk. paper) | ||
| 040 |
_aDLC _cDLC _dDLC |
||
| 050 | 0 | 0 |
_aPN 4121 _b.G822 2011 |
| 082 | 0 | 0 |
_aM 808.53 _bGr85 2011 |
| 100 | 1 |
_aGregory, Hamilton. _98416 |
|
| 245 | 1 | 0 |
_aPublic speaking for college and career / _cHamilton Gregory. |
| 250 | _a9th ed. | ||
| 260 |
_aBoston : _bMcGraw-Hill Higher Education, _c2010. |
||
| 300 |
_axxiii, 426 p. : _bcol. ill. ; _c26 cm. |
||
| 650 | 0 |
_aPublic speaking. _92034 |
|
| 906 |
_a7 _bcbc _corignew _d1 _eecip _f20 _gy-gencatlg |
||
| 942 |
_2lcc _cBK |
||
| 999 |
_c15215 _d15215 |
||